000 00514nam a2200181Ia 4500
003 GCL
008 140319s9999 xx 000 0 ara d
040 _aGCL /
_cGCL
082 0 4 _a947.084
_bع ث
100 1 _aعمر عبدالعزيز امين
245 1 0 _aالثورة الروسية /
_cعمر عبدالعزيز امين
300 _a111 ص
490 _aكتب للجميع
_v0
650 0 4 _aالعصر الحديث
650 0 4 _aالثورات
650 0 4 _aروسيا - تاريخ
942 _2ddc
_cBK
999 _c46907
_d46907